Airlines Logos Medium - Statistics

General Stats
  • This quiz has been taken 90 times
  • The average score is 12 of 26
Answer Stats
Picture Hint Answer % Correct
D Delta
93%
Q Qantas
85%
K Korean Air
84%
H Hawaiian
79%
T Thai Airways
77%
E Ethiopian
72%
I Iberia
66%
W Wizz Air
64%
L LATAM
62%
J Jetstar
61%
O Oman Air
54%
R Royal Jordanian
52%
G Gulf Air
51%
X Xiamen Air
41%
V Volaris
39%
U Uzbekistan Airways
36%
A Air Austral
33%
B Biman
30%
Z Zipair
28%
Y Yemenia
26%
P PIA
25%
M MIAT
23%
N Norse
16%
C Chengdu
10%
F Fly Baghdad
7%
S Serene
7%
No matching quizzes found
Score Distribution
Percent of People with Each Score
Percentile by Number Answered
Your Score History
You have not taken this quiz